01261nam a2200289Ia 4500003000900000008004100009020001800050040001600068080002700084111007700111245020800188260005000396300001600446490003900462650005200501650002700553650002100580650003600601650003900637700002600676700002700702700002600729710004400755942000700799999001700806952014800823IN-BaIIA211028s9999 xx 000 0 eng d a0-7354-0148-9 cIIA Library a523.62-726(082.2)bSOL aInternational Solar Wind Conferencen10thcItalyd2002 June 17-21928674 0aSolar wind tenbproceedings of the tenth International solar wind conference, Pisa, Italy, 17-21 June 2002cedited by M. Velli, R. Bruno and F. Malara  aMelvillebAmerican Institute of Physicsc2003 axvii, 860p. aAIP conference proceedings; v. 679 aHeliosphere (Astrophysics) -- Congresses928675 aKinetic physics928676 aSolar wind95747 aSolar wind -- Congresses922794 aSpace plasmas -- Congresses922795 aBruno, R., ed.928677 aMalara, F., ed.928678 aVelli, M., ed.928679 aAmerican Institute of Physics 92416 cBK c15545d15545 00104070aBANbBANcGENd2003-12-19eSV g15952.80l0o523.62-726(082.2)/ SOLp16467r2021-11-05v15952.80w2003-12-19yBKGRs. 15952.80